00578 a2200157 4500020001500000040001300015082001100028100002400039245007600063250001200139260003400151300003300185650004000218856008700258856007500345 a0072369655 aDLCbDLC00a005.731 aCollins, William J.10aData structures and the standard template library cWilliam J. Collins. a1st ed. aBoston :bMcGraw-Hill,c2003. axx, 664 p. :bill. ;c24 cm. 0aData structures (Computer science).423Publisher descriptionuhttp://www.loc.gov/catdir/description/mh021/2001052187.html423Table of contentsuhttp://www.loc.gov/catdir/toc/mh021/2001052187.html